000
00209nam a22000857a 4500
008
161201b xxu||||| |||| 00| 0 eng d
100
_9
1693
_a
Menon.N
245
_a
Balloons for me
260
_a
New Delhi
_b
N.D CBT
_c
2007
999
_c
4407
_d
4407